000 01013nam a22003017a 4500
001 5525
003 FISKH
005 20250324135551.0
008 241216b cb ||||| |||| 00| 0 eng d
020 _a9780531213346
040 _aFISKH
_beng
_cFISKH
_dFISKH
050 _aRD27.D74
082 _a617.092
100 _aVenezia, Mike
245 _aCharles Drew :
_bdoctor who got the world pumped up to donate blood /
_cWritten and illustrated by Mike Venezia
260 _aNew York :
_bChildren's Press ;
_c2009.
300 _a32 pages :
_bcolor illustrations ;
_c25 cm .
490 _aGetting to know the world's greatest inventors & scientists
505 _aZ
520 _aBiography of Dr. Charles Drew.
521 8 _a940
_bLexile
521 8 _aZ
_bRaz-Plus
650 _aDrew, Charles , 1904-1950
_vJuvenile literature
650 _aAfrican- American- Surgeons - Biography
_vJuvenile literature
700 _aVenezia, Mike
_eillustrator
942 _2ddc
_cBK
_n0
999 _c5525
_d5525